My Scrubs Episodes Quiz Stats

 Plays Quiz Updated Feb 12, 2020

     
Support Sporcle.
Go Orange.
Score 0/182 Timer 15:00
0 Plays Today
Season Episode % Correct
Season 1My First Day
87.6%
Season 2His Story
70.3%
Season 4Her Story
66.9%
Season 3His Story II
64.4%
Season 1My Last Day
63.5%
Season 5His Story III
59.6%
Season 5Her Story II
59.5%
Season 6Their Story
58.6%
Season 1My Mentor
53%
Season 6His Story IV
51.1%
Season 8My Finale Part 1
50.9%
Season 8My Finale Part 2
50.9%
Season 3My Best Friend's Wedding
47.3%
Season 6My Musical
46.9%
Season 8Their Story II
43.4%
Season 1My Bad
43.4%
Season 1My Old Lady
39.7%
Season 1My Hero
36.2%
Season 5My Lunch
36%
Season 2My Overkill
35.7%
Season 2My Sex Buddy
34.5%
Season 7My Princess
34.4%
Season 1My Day Off
33.3%
Season 2My T.C.W.
33.1%
Season 1My Two Dads
32.6%
Season 4My Cake
31.9%
Season 3My Own American Girl
31.7%
Season 1My Best Friend's Mistake
30.9%
Season 5My Way Home
30.5%
Season 5My Half-Acre
30.5%
Season 3My White Whale
30.3%
Season 5My Intern's Eyes
29.2%
Season 8My Soul on Fire Part 1
28.8%
Season 8My Soul on Fire Part 2
28.8%
Season 1My Old Man
28.8%
Season 1My Fifteen Minutes
28.4%
Season 1My Drug Buddy
28.3%
Season 2My Monster
28.1%
Season 5My Jiggly Ball
28.1%
Season 8My ABC's
28%
Season 4My Life in Four Cameras
27.9%
Season 3My Screwup
27.7%
Season 5My Fallen Idol
27.6%
Season 1My Tuscaloosa Heart
27.6%
Season 6My Scrubs
27.4%
Season 4My First Kill
27.4%
Season 2My Big Brother
27%
Season 3My Journey
26.6%
Season 3My Tormented Mentor
26.5%
Season 1My Bed Banter & Beyond
26.5%
Season 5My Déjà Vu, My Déjà Vu
26.5%
Season 6My Best Friend's Baby's Baby and My Baby's Baby
26.4%
Season 3My Butterfly
26.2%
Season 2My Fruit Cups
26.1%
Season 5My Urologist
25.9%
Season 4My Unicorn
25.8%
Season 1My Own Personal Jesus
25.8%
Season 2My Brother, My Keeper
25.7%
Season 3My Brother, Where Art Thou?
25.3%
Season 2My Nightingale
25.2%
Season 1My Blind Date
25%
Season Episode % Correct
Season 2My New Coat
24.9%
Season 8My Cookie Pants
24.6%
Season 4My Old Friend's New Friend
24.5%
Season 7My Bad Too
24.3%
Season 1My Student
23.9%
Season 6My Coffee
23.8%
Season 6My House
23.7%
Season 8My Jerks
23.7%
Season 3My Fifteen Seconds
23.6%
Season 5My Cabbage
23.5%
Season 2My Dream Job
23.4%
Season 3My Porcelain God
23.2%
Season 6My Long Goodbye
22.9%
Season 2My Lucky Day
22.9%
Season 2My Drama Queen
22.9%
Season 1My Nickname
22.7%
Season 1My Occurrence
22.4%
Season 1My Super Ego
22.2%
Season 6My Cold Shower
22.2%
Season 4My Quarantine
21.9%
Season 5My Day at the Races
21.8%
Season 6My Rabbit
21.6%
Season 4My Best Moment
21.4%
Season 5My New God
21.4%
Season 6My Point of No Return
21.2%
Season 5My Big Bird
21.2%
Season 2My New Old Friend
21.2%
Season 4My Office
21.2%
Season 8My Lawyer's in Love
21.1%
Season 4My Ocardial Infarction
21.1%
Season 8My Cuz
20.9%
Season 1My Heavy Meddle
20.9%
Season 8My Chief Concern
20.9%
Season 1My Sacrificial Clam
20.9%
Season 1My Way or the Highway
20.8%
Season 1My Balancing Act
20.8%
Season 2My Karma
20.8%
Season 2My Own Private Practice Guy
20.7%
Season 3My Fault
20.7%
Season 3My Choosiest Choice of All
20.7%
Season 8My Nah Nah Nah
20.7%
Season 6My Fishbowl
20.6%
Season 2My Kingdom
20.1%
Season 4My Boss's Free Haircut
19.7%
Season 2My Case Study
19.6%
Season 6My No Good Reason
19.6%
Season 7My Inconvenient Truth
19.6%
Season 7My Own Worst Enemy
19.5%
Season 2My Philosophy
19.5%
Season 4My Hypocritical Oath
19.4%
Season 3My Friend the Doctor
19.4%
Season 5My New Suit
19.3%
Season 6My Mirror Image
19.2%
Season 5My Five Stages
19.1%
Season 4My Last Chance
19%
Season 3My Lucky Night
19%
Season 2My Big Mouth
18.9%
Season 5My Transition
18.9%
Season 4My Changing Ways
18.8%
Season 8My Full Moon
18.7%
Season 3My Catalyst
18.6%
Season Episode % Correct
Season 5My Buddy's Booty
18.5%
Season 8My Last Words
18.3%
Season 4My Lucky Charm
18.1%
Season 7My Hard Labor
17.7%
Season 6My Night to Remember
17.6%
Season 6My Friend with Money
17.5%
Season 2My First Step
17.4%
Season 4My Roommates
17.4%
Season 2My Interpretation
17.3%
Season 8My Absence
17%
Season 4My New Game
16.8%
Season 5My Rite of Passage
16.8%
Season 6My Road to Nowhere
16.8%
Season 4My Malpractical Decision
16.6%
Season 5My Extra Mile
16.6%
Season 4My Best Laid Plans
16.6%
Season 3My Moment of Un-Truth
16.6%
Season 8My Comedy Show
16.6%
Season 4My Big Move
16.4%
Season 5My Own Personal Hell
16.4%
Season 6My Perspective
16.4%
Season 3My Self-Examination
16.3%
Season 6My Conventional Wisdom
16.3%
Season 7My Number One Doctor
16.3%
Season 4My Female Trouble
16.2%
Season 7My Dumb Luck
16.2%
Season 8My New Role
16.2%
Season 3My Advice to You
15.8%
Season 8My Happy Place
15.8%
Season 4My Faith in Humanity
15.8%
Season 5My Chopped Liver
15.6%
Season 5My Missed Perception
15.5%
Season 3My Clean Break
15.3%
Season 8My Saving Grace
15.3%
Season 4My Drive By
15.3%
Season 7My Manhood
15.1%
Season 3My Dirty Secret
15%
Season 4My Lips Are Sealed
15%
Season 7My Growing Pains
14.9%
Season 7My Identity Crisis
14.7%
Season 3My Rule of Thumb
14.7%
Season 4My Common Enemy
14.6%
Season 6My Therapeutic Month
14.2%
Season 6My Words of Wisdom
14.2%
Season 5My Bright Idea
14%
Season 6My Turf War
13.8%
Season 7My Waste of Time
13.1%
Season 9Our Thanks
9.4%
Season 9Our First Day of School
8.2%
Season 9Our Drunk Friend
7.4%
Season 9Our Histories
7.2%
Season 9Our White Coats
7%
Season 9Our Mysteries
6.5%
Season 9Our Couples
6.2%
Season 9Our New Girl-Bro
6.2%
Season 9Our Role Models
5.9%
Season 9Our Driving Issues
5.8%
Season 9Our Dear Leaders
5.8%
Season 9Our Stuff Gets Real
5.7%
Season 9Our True Lies
5.6%

From the Vault

Peek-a-Bhutan

by zigga

Geography 10m
Have you ever wondered how countries play hide and seek?
Remove Ads.
Support Sporcle.
Get the best of Sporcle when you Go Orange. This ad-free experience offers more features, more stats, and more fun while also helping to support Sporcle. Thank you for becoming a member.

Show Comments

Extras

Top Quizzes Today


Score Distribution

Your Account Isn't Verified!

In order to create a playlist on Sporcle, you need to verify the email address you used during registration. Go to your Sporcle Settings to finish the process.

Report this User

Report this user for behavior that violates our Community Guidelines.

Details: